[Event "COL-ch U26"]
[Site "Cali"]
[Date "2022.09.30"]
[Round "5"]
[White "Martinez, Julian"]
[Black "Martinez, Cristian Camilo"]
[Result "1/2-1/2"]
[WhiteElo "2141"]
[BlackElo "2157"]
[PlyCount "87"]
[EventDate "2022.09.28"]
[EventType "swiss"]
[EventRounds "6"]
[EventCountry "COL"]
[SourceTitle "CBM 210 Extra"]
[Source "ChessBase"]
[SourceDate "2022.11.30"]
[SourceVersion "1"]
[SourceVersionDate "2022.11.30"]
[SourceQuality "1"]

1. d4 d5 2. Nf3 Nf6 3. g3 e6 4. Bg2 Nbd7 5. 0-0 Bd6 6. b3 0-0 7. c4 c6 8. Nbd2 Re8 9. Bb2 e5 10. dxe5 Nxe5 11. cxd5 Nxf3+ 12. Bxf3 cxd5 13. Bxf6 Qxf6 14. Bxd5 Be5 15. Rc1 Bh3 16. Bg2 Bxg2 17. Kxg2 Rad8 18. Qc2 Bb2 19. Rce1 Rc8 20. Qb1 Bc3 21. Rd1 Rxe2 22. Qd3 Rce8 23. Nf3 Rxa2 24. Qd7 Qc6 25. Qxc6 bxc6 26. Rc1 Ba5 27. Rxc6 Bb6 28. Ne5 h6 29. Nd7 Bd4 30. Rc4 Rd2 31. b4 f5 32. Kf3 Kf7 33. Nc5 g5 34. Nb3 Rd3+ 35. Kg2 Bb6 36. Nc5 Rd2 37. g4 fxg4 38. Rxg4 Kg6 39. h4 Kf5 40. Rc4 Ree2 41. hxg5 hxg5 42. Rc3 Rb2 43. Rf3+ Kg6 44. Ra1 1/2-1/2

[Event "COL-ch U26"]
[Site "Cali"]
[Date "2022.09.28"]
[Round "1"]
[White "Martinez, Cristian Camilo"]
[Black "Rodriguez Valencia, Sebastian"]
[Result "1-0"]
[WhiteElo "2157"]
[BlackElo "1785"]
[PlyCount "79"]
[EventDate "2022.09.28"]
[EventType "swiss"]
[EventRounds "6"]
[EventCountry "COL"]
[SourceTitle "CBM 210 Extra"]
[Source "ChessBase"]
[SourceDate "2022.11.30"]
[SourceVersion "1"]
[SourceVersionDate "2022.11.30"]
[SourceQuality "1"]

1. e4 c5 2. Nf3 e6 3. d4 cxd4 4. Nxd4 a6 5. Nc3 Qc7 6. Bd3 Nf6 7. 0-0 Be7 8. Qe2 d6 9. a3 Nbd7 10. Kh1 b6 11. Bd2 Bb7 12. Rae1 Nc5 13. f4 g6 14. b4 Ncd7 15. Nf3 b5 16. Ng5 e5 17. a4 bxa4 18. Nxa4 exf4 19. Bxf4 0-0 20. Nf3 Ne5 21. Nxe5 dxe5 22. Bg5 Qd6 23. Nc5 Bc8 24. Bc4 a5 25. Ra1 Bg4 26. Qd3 Nh5 27. Bh6 Ng7 28. Qb3 Be6 29. Nxe6 fxe6 30. bxa5 Rxf1+ 31. Rxf1 Rf8 32. Rxf8+ Bxf8 33. Qd3 Qb4 34. h3 Qxa5 35. Qd7 Qa8 36. Bxe6+ Kh8 37. Bd5 Qb8 38. Qf7 Ne6 39. Bxf8 Qxf8 40. Bxe6 1-0

[Event "COL pre olympic sf2"]
[Site "Palmira"]
[Date "2019.06.03"]
[Round "10"]
[White "Chavez Duero, Brayan Steven"]
[Black "Martinez, Cristian Camilo"]
[Result "1/2-1/2"]
[WhiteElo "1913"]
[BlackElo "2194"]
[PlyCount "59"]
[EventDate "2019.05.29"]
[EventType "swiss"]
[EventRounds "10"]
[EventCountry "COL"]
[SourceTitle "CBM 190 Extra"]
[Source "ChessBase"]
[SourceDate "2019.07.15"]
[SourceVersion "1"]
[SourceVersionDate "2019.07.15"]
[SourceQuality "1"]

1. e4 c5 2. b3 Nc6 3. Bb2 e5 4. Bc4 Nf6 5. Nc3 d6 6. d3 Be7 7. Nge2 0-0 8. 0-0 a6 9. a4 Rb8 10. h3 Nd4 11. Nd5 Nxd5 12. Bxd5 Be6 13. f4 Bf6 14. Rb1 b5 15. axb5 axb5 16. c3 Nxe2+ 17. Qxe2 Bxd5 18. exd5 c4 19. dxc4 bxc4 20. bxc4 exf4 21. Ba3 Bxc3 22. Qd3 Be5 23. c5 dxc5 24. Bxc5 Bd6 25. Bxd6 Qxd6 26. Rxb8 Rxb8 27. Qf5 Rd8 28. Rxf4 Qxd5 29. Qxd5 Rxd5 30. Ra4 1/2-1/2

[Event "COL pre olympic sf2"]
[Site "Palmira"]
[Date "2019.06.02"]
[Round "8"]
[White "Ordonez Gonzalez, Gabriel"]
[Black "Martinez, Cristian Camilo"]
[Result "1/2-1/2"]
[WhiteElo "1860"]
[BlackElo "2194"]
[PlyCount "62"]
[EventDate "2019.05.29"]
[EventType "swiss"]
[EventRounds "10"]
[EventCountry "COL"]
[SourceTitle "CBM 190 Extra"]
[Source "ChessBase"]
[SourceDate "2019.07.15"]
[SourceVersion "1"]
[SourceVersionDate "2019.07.15"]
[SourceQuality "1"]

1. c4 e6 2. g3 d5 3. Bg2 Nf6 4. Nf3 g6 5. 0-0 Bg7 6. Qc2 Nbd7 7. a3 b6 8. b4 c5 9. Bb2 Bb7 10. d3 0-0 11. Nbd2 Rc8 12. b5 d4 13. h3 Qc7 14. a4 e5 15. a5 Nh5 16. axb6 axb6 17. Ra7 Rb8 18. Rfa1 h6 19. Bc1 f5 20. Nh4 Kh7 21. Nf1 Nhf6 22. Bxb7 Rxb7 23. Rxb7 Qxb7 24. Qa4 Qb8 25. Qa7 Qe8 26. Qb7 Qe6 27. Ra7 Rb8 28. Qc6 Qe8 29. Ng2 Rc8 30. Qb7 Rb8 31. Qc6 Rc8 1/2-1/2

[Event "COL pre olympic sf2"]
[Site "Palmira"]
[Date "2019.05.30"]
[Round "3"]
[White "Martinez Murcia, John Alexander"]
[Black "Martinez, Cristian Camilo"]
[Result "1/2-1/2"]
[WhiteElo "1839"]
[BlackElo "2194"]
[PlyCount "69"]
[EventDate "2019.05.29"]
[EventType "swiss"]
[EventRounds "10"]
[EventCountry "COL"]
[SourceTitle "CBM 190 Extra"]
[Source "ChessBase"]
[SourceDate "2019.07.15"]
[SourceVersion "1"]
[SourceVersionDate "2019.07.15"]
[SourceQuality "1"]

1. c4 Nf6 2. g3 e6 3. Bg2 d5 4. cxd5 exd5 5. Nf3 g6 6. 0-0 Bg7 7. d3 0-0 8. Nbd2 Re8 9. Rb1 b6 10. b3 Bb7 11. Bb2 c5 12. Ne5 Nc6 13. Nxc6 Bxc6 14. d4 Bb5 15. Re1 Ne4 16. Nf3 a5 17. e3 a4 18. Ba1 axb3 19. Qxb3 Bc4 20. Qxb6 Qxb6 21. Rxb6 Rxa2 22. Bb2 Rc8 23. Ne5 cxd4 24. exd4 Ba6 25. Bxe4 dxe4 26. Nc6 Re8 27. Bc3 Bc4 28. Bb4 Bf8 29. Ne5 Bxb4 30. Rxb4 Be6 31. Nc4 Rc8 32. Ne3 Rd2 33. d5 Bxd5 34. Nxd5 Rxd5 35. Rbxe4 1/2-1/2

[Event "COL-chT Interligas"]
[Site "Palmira"]
[Date "2019.04.29"]
[Round "5.1"]
[White "Martinez, Cristian Camilo"]
[Black "Rios Parra, Alejandro"]
[Result "1-0"]
[WhiteElo "1964"]
[BlackElo "2283"]
[PlyCount "54"]
[EventDate "2019.04.27"]
[EventType "team-swiss"]
[EventRounds "6"]
[EventCountry "COL"]
[SourceTitle "CBM 190 Extra"]
[Source "ChessBase"]
[SourceDate "2019.07.15"]
[SourceVersion "1"]
[SourceVersionDate "2019.07.15"]
[SourceQuality "1"]
[WhiteTeam "Valle Carlos Cuartas IV"]
[BlackTeam "Caqueta"]
[WhiteTeamCountry "COL"]
[BlackTeamCountry "COL"]

1. e4 e6 2. d4 d5 3. Nd2 Nf6 4. e5 Nfd7 5. Bd3 c5 6. c3 Nc6 7. Ne2 cxd4 8. cxd4 f6 9. exf6 Nxf6 10. 0-0 Bd6 11. Nf3 Qc7 12. Bg5 0-0 13. Rc1 Ng4 14. h3 Rxf3 15. hxg4 Rf7 16. Qc2 g6 17. Be3 Bf8 18. Qd2 Bg7 19. b4 Qb6 20. b5 Na5 21. Qb4 Bd7 22. a4 a6 23. Rc2 Bf8 24. Qb2 axb5 25. axb5 Bd6 26. Ra1 Qd8 27. Qb1 b6 1-0

[Event "COL-chT Interligas"]
[Site "Palmira"]
[Date "2019.04.28"]
[Round "4.1"]
[White "Castro Castro, Joaquin"]
[Black "Martinez, Cristian Camilo"]
[Result "0-1"]
[WhiteElo "1627"]
[BlackElo "1964"]
[PlyCount "30"]
[EventDate "2019.04.27"]
[EventType "team-swiss"]
[EventRounds "6"]
[EventCountry "COL"]
[SourceTitle "CBM 190 Extra"]
[Source "ChessBase"]
[SourceDate "2019.07.15"]
[SourceVersion "1"]
[SourceVersionDate "2019.07.15"]
[SourceQuality "1"]
[WhiteTeam "Valle Club Union"]
[BlackTeam "Valle Carlos Cuartas IV"]
[WhiteTeamCountry "COL"]
[BlackTeamCountry "COL"]

1. e4 e5 2. Nf3 Nc6 3. Bc4 Bc5 4. c3 Nf6 5. d3 d6 6. 0-0 0-0 7. Bb3 h6 8. h3 Re8 9. Re1 Be6 10. Bc2 Qd7 11. Nbd2 Rad8 12. Nf1 d5 13. Ng3 Bb6 14. Nh4 dxe4 15. dxe4 Bxh3 0-1

[Event "COL-chT Interligas"]
[Site "Palmira"]
[Date "2019.04.27"]
[Round "2.1"]
[White "Delgado, Gilbert Joaquin"]
[Black "Martinez, Cristian Camilo"]
[Result "0-1"]
[WhiteElo "1954"]
[BlackElo "1964"]
[PlyCount "44"]
[EventDate "2019.04.27"]
[EventType "team-swiss"]
[EventRounds "6"]
[EventCountry "COL"]
[SourceTitle "CBM 190 Extra"]
[Source "ChessBase"]
[SourceDate "2019.07.15"]
[SourceVersion "1"]
[SourceVersionDate "2019.07.15"]
[SourceQuality "1"]
[WhiteTeam "Santander UIS"]
[BlackTeam "Valle Carlos Cuartas IV"]
[WhiteTeamCountry "COL"]
[BlackTeamCountry "COL"]

1. d4 d5 2. Nf3 Nf6 3. Bf4 c5 4. c3 Nc6 5. e3 Qb6 6. Qb3 c4 7. Qxb6 axb6 8. Nbd2 b5 9. b4 Bf5 10. Be2 e6 11. Bd1 h6 12. a4 Be7 13. 0-0 0-0 14. a5 b6 15. a6 Ra7 16. Ra2 Rfa8 17. Bc2 Bxc2 18. Rxc2 Nh5 19. Ne5 Nxe5 20. Bxe5 f6 21. Bg3 Nxg3 22. hxg3 Rxa6 0-1

[Event "COL-ch sf1"]
[Site "Medellin"]
[Date "2019.04.17"]
[Round "3"]
[White "Martinez, Cristian Camilo"]
[Black "Mateus, Alejandro"]
[Result "1-0"]
[WhiteElo "1964"]
[BlackElo "2288"]
[PlyCount "37"]
[EventDate "2019.04.16"]
[EventType "swiss"]
[EventRounds "10"]
[EventCountry "COL"]
[SourceTitle "CBM 190 Extra"]
[Source "ChessBase"]
[SourceDate "2019.07.15"]
[SourceVersion "1"]
[SourceVersionDate "2019.07.15"]
[SourceQuality "1"]

1. e4 e6 2. d4 d5 3. Nd2 Nf6 4. e5 Nfd7 5. Bd3 c5 6. c3 Nc6 7. Ne2 cxd4 8. cxd4 f6 9. exf6 Nxf6 10. 0-0 Bd6 11. Nf3 0-0 12. Bg5 Qc7 13. Rc1 Bd7 14. Qc2 h6 15. Bh4 Be8 16. Bg6 Ng4 17. Bg3 Rxf3 18. gxf3 Nxh2 19. Kxh2 1-0

[Event "COL-ch U16"]
[Site "Cartagena"]
[Date "2018.05.20"]
[Round "9"]
[White "Hernandez Jimenez, Jeronimo"]
[Black "Martinez, Cristian Camilo"]
[Result "0-1"]
[WhiteElo "1789"]
[BlackElo "1890"]
[PlyCount "38"]
[EventDate "2018.05.15"]
[EventType "k.o."]
[EventRounds "9"]
[EventCountry "COL"]
[SourceTitle "CBM 184 Extra"]
[Source "ChessBase"]
[SourceDate "2018.06.28"]
[SourceVersion "1"]
[SourceVersionDate "2018.06.28"]
[SourceQuality "1"]

1. e4 e5 2. Nf3 Nc6 3. Bc4 Bc5 4. c3 Nf6 5. b4 Be7 6. Qb3 0-0 7. 0-0 d6 8. d3 a5 9. a4 Bd7 10. h3 Qc8 11. Bg5 Nd8 12. Kh2 axb4 13. cxb4 b5 14. Bd5 c6 15. Rc1 Qb7 16. Nc3 cxd5 17. Bxf6 bxa4 18. Qb2 Bxf6 19. Nxd5 Ne6 0-1

[Event "COL-ch U16"]
[Site "Cartagena"]
[Date "2018.05.19"]
[Round "7"]
[White "Parra Meza, Brayan1"]
[Black "Martinez, Cristian Camilo"]
[Result "0-1"]
[WhiteElo "1701"]
[BlackElo "1890"]
[PlyCount "46"]
[EventDate "2018.05.15"]
[EventType "k.o."]
[EventRounds "9"]
[EventCountry "COL"]
[SourceTitle "CBM 184 Extra"]
[Source "ChessBase"]
[SourceDate "2018.06.28"]
[SourceVersion "1"]
[SourceVersionDate "2018.06.28"]
[SourceQuality "1"]

1. e4 c5 2. f4 g6 3. Nf3 Bg7 4. Nc3 Nc6 5. Bb5 Nd4 6. Nxd4 Bxd4 7. e5 a6 8. Bd3 d6 9. Ne4 dxe5 10. c3 f5 11. Ng5 h6 12. Nh3 e4 13. cxd4 exd3 14. dxc5 Be6 15. Nf2 Nf6 16. Qf3 Bc4 17. b3 Qd4 18. Rb1 Bd5 19. Qg3 Ne4 20. Bb2 Qb4 21. Qe3 Nxf2 22. Kxf2 Rg8 23. Rbc1 Be4 0-1

[Event "COL-ch U18 sf2"]
[Site "Ibague"]
[Date "2018.03.23"]
[Round "2.3"]
[White "Diaz, Luisa Fernanda"]
[Black "Martinez, Cristian Camilo"]
[Result "1/2-1/2"]
[WhiteElo "1712"]
[BlackElo "1968"]
[PlyCount "118"]
[EventDate "2018.03.22"]
[EventType "swiss"]
[EventRounds "6"]
[EventCountry "COL"]
[SourceTitle "EXT 2024"]
[Source "ChessBase"]
[SourceDate "2023.10.10"]
[SourceVersion "1"]
[SourceVersionDate "2023.10.10"]
[SourceQuality "1"]

1. e4 e5 2. Bc4 Nf6 3. d3 Nc6 4. Nf3 Be7 5. c3 d6 6. Bb3 0-0 7. Nbd2 Na5 8. Bc2 c5 9. 0-0 Nc6 10. Re1 Qc7 11. Nf1 Be6 12. Ng3 Rfe8 13. h3 g6 14. Bh6 Bf8 15. Bxf8 Rxf8 16. Ng5 Bd7 17. Nf1 h6 18. Nf3 Be6 19. Ne3 Rfe8 20. Qd2 Kh7 21. Red1 d5 22. exd5 Nxd5 23. Nxd5 Bxd5 24. Qe3 b6 25. Re1 Re7 26. Nd2 Nd4 27. Bd1 Nf5 28. Qe2 Nd6 29. Bb3 Bb7 30. Rad1 Rd8 31. Ne4 Kg7 32. Ng3 Qc6 33. Qf1 Ba6 34. f3 Nb7 35. Qe2 Na5 36. Bc2 Qd5 37. b3 Nc6 38. Qe4 Qd6 39. Nf1 Bb7 40. Qe2 b5 41. Ne3 Qc7 42. Qd2 h5 43. Bb1 Qb6 44. Qf2 Qc7 45. Qg3 Kh7 46. Nf1 b4 47. c4 Nd4 48. Nd2 f5 49. Qf2 Rde8 50. Nf1 a5 51. Ng3 Bc6 52. Ne2 a4 53. Nxd4 exd4 54. Rxe7+ Qxe7 55. Kf1 Qg5 56. f4 Qf6 57. Re1 axb3 58. axb3 Re6 59. g3 Bb7 1/2-1/2

[Event "COL-ch U18 sf2"]
[Site "Ibague"]
[Date "2018.03.23"]
[Round "3.5"]
[White "Martinez, Cristian Camilo"]
[Black "Cardoso Cardoso, Jaidy Marcela"]
[Result "1-0"]
[WhiteElo "1968"]
[BlackElo "1847"]
[PlyCount "53"]
[EventDate "2018.03.22"]
[EventType "swiss"]
[EventRounds "6"]
[EventCountry "COL"]
[SourceTitle "EXT 2024"]
[Source "ChessBase"]
[SourceDate "2023.10.10"]
[SourceVersion "1"]
[SourceVersionDate "2023.10.10"]
[SourceQuality "1"]

1. e4 Nf6 2. e5 Nd5 3. c4 Nb6 4. d4 d6 5. exd6 cxd6 6. Nf3 g6 7. Be3 Bg7 8. Be2 0-0 9. 0-0 Bg4 10. Nbd2 Nc6 11. h3 Bxf3 12. Nxf3 d5 13. c5 Nc8 14. Qd2 e6 15. b4 N8e7 16. b5 Na5 17. Qb4 Nf5 18. Bd2 Nc4 19. Bc3 Nh4 20. Nxh4 Qxh4 21. Bxc4 dxc4 22. f4 Bh6 23. Bd2 Rad8 24. Be3 e5 25. dxe5 Rd3 26. Qe1 Qxe1 27. Rfxe1 1-0

[Event "COL-ch U20"]
[Site "Buenaventura"]
[Date "2018.03.02"]
[Round "4"]
[White "Martinez, Cristian Camilo"]
[Black "Quinonez Garcia, Santiago"]
[Result "0-1"]
[WhiteElo "1968"]
[BlackElo "2242"]
[PlyCount "53"]
[EventDate "2018.02.28"]
[EventType "swiss"]
[EventRounds "6"]
[EventCountry "COL"]
[SourceTitle "EXT 2019"]
[Source "ChessBase"]
[SourceDate "2018.10.10"]
[SourceVersion "1"]
[SourceVersionDate "2018.10.10"]
[SourceQuality "1"]

1. e4 e6 2. d4 d5 3. Nd2 Nf6 4. e5 Nfd7 5. Ndf3 c5 6. c3 Nc6 7. Bd3 cxd4 8. cxd4 f6 9. exf6 Nxf6 10. Ne2 Bd6 11. 0-0 0-0 12. Bg5 Qc7 13. Rc1 Bd7 14. Qc2 h6 15. Bh4 Nh5 16. Bh7+ Kh8 17. Bg6 Nf4 18. Nxf4 Bxf4 19. Bg3 Qb6 20. Rcd1 Bxg3 21. hxg3 Rxf3 22. gxf3 Nxd4 23. Qd3 e5 24. Rfe1 Bb5 25. Qe3 Qxg6 26. Rxd4 exd4 27. Qxd4 0-1